000 00949nam a2200301 a 4500
001 000114856
003 CHAP
005 20220329144502.0
008 180625s2005 mx a |r| |||1|||spa d
010 _a111317
011 _a112289
020 _a9592104492
040 _cCHAP
082 0 4 _a972.91
_bE77
100 1 _aEsquivel Pérez, Miguel Ángel.
_9135233
245 3 _aEl primer viaje de Cristóbal Colón a Cuba /
_cpor Miguel Ángel Esquivel Pérez y Cosme Casals Corella.
260 _aLa Habana, Cuba :
_bAbril,
_c2005.
300 _a203 p. :
_bil. y cuadros.
590 _aBATCH-UPD
_b05
_c20180625
_lUCH01
_h1057
590 _aE6337LMJ
_b05
_c20180625
_lUCH01
_h1056
600 1 _aColón, Cristobal
_d(1451 - 1506)
_9135240
651 _aCuba
_xDescripción y viajes
_9135242
651 _aCuba
_xDescubrimiento y exploración
_9135239
651 _aCuba
_xHistoria
_ySiglo XV
_9135241
901 _aBK
942 _cLIBRO
942 _n0
999 _c111317
_d111317